| 000 | 00347nam a2200133Ia 4500 | ||
|---|---|---|---|
| 008 | 150201s2006 xx 000 0 und d | ||
| 082 |
_a616.07 _bC06B |
||
| 100 | _aBURTIS,CARL A | ||
| 245 | _aTIETZ TB OF CLINICAL CHEMISTRY & MOLECULAR DIAGNOSTICS | ||
| 250 | _a4TH | ||
| 260 |
_bELSEVIER _aDELHI _c2006 |
||
| 650 | _aBIOCHEMISTRY | ||
| 942 |
_2ddc _cBK |
||
| 999 |
_c1095 _d1095 |
||